[Event "Santo Domingo De La Madre op"]
[Site "Santo Domingo"]
[Date "2018.05.26"]
[Round "5"]
[White "Tolentino Mercedes, Argenis Johann"]
[Black "Perez, Lewis Omar"]
[Result "1/2-1/2"]
[WhiteElo "1858"]
[BlackElo "1989"]
[PlyCount "114"]
[EventDate "2018.05.18"]
[EventType "swiss"]
[EventRounds "8"]
[EventCountry "DOM"]
[SourceTitle "CBM 184 Extra"]
[Source "ChessBase"]
[SourceDate "2018.06.28"]
[SourceVersion "1"]
[SourceVersionDate "2018.06.28"]
[SourceQuality "1"]

1. c4 d6 2. g3 g6 3. Bg2 Bg7 4. Nc3 Nf6 5. Nf3 0-0 6. 0-0 c5 7. d3 Nc6 8. Rb1 Rb8 9. a3 a6 10. b4 cxb4 11. axb4 Qc7 12. b5 Nd8 13. Bg5 e6 14. Qd2 b6 15. bxa6 Bxa6 16. Nb5 Bxb5 17. Rxb5 Nc6 18. Rfb1 Nd7 19. Bh6 Na7 20. Bxg7 Kxg7 21. Qb2+ Kg8 22. Rb4 Nc6 23. Rb5 Na7 24. Rb4 Nc6 25. Ra4 Rfd8 26. Qa1 Nc5 27. Ra3 e5 28. Ng5 Rd7 29. Bd5 Kg7 30. e3 f6 31. d4 fxg5 32. dxc5 bxc5 33. Rxb8 Nxb8 34. Ra8 Qb6 35. Qa4 Rd8 36. Ra7+ Kh6 37. g4 Qb1+ 38. Kg2 Rf8 39. Qa2 Qxa2 40. Rxa2 Kg7 41. Ra7+ Kh8 42. Kg3 Rd8 43. Ra8 Kg7 44. h4 gxh4+ 45. Kxh4 Kf6 46. f4 h6 47. Ra7 g5+ 48. fxg5+ hxg5+ 49. Kg3 Rd7 50. Ra8 Rd8 51. Kf3 Ke7 52. Ke4 Rf8 53. Ra7+ Kf6 54. Rb7 Rd8 55. Rf7+ Kg6 56. Re7 Nd7 57. Kf3 Kf6 1/2-1/2

[Event "DOM-ch"]
[Site "Santo Domingo"]
[Date "2018.04.28"]
[Round "7"]
[White "Tolentino Mercedes, Argenis Johann"]
[Black "Mendez, Ruddy Antonio"]
[Result "1-0"]
[WhiteElo "1812"]
[BlackElo "2118"]
[PlyCount "93"]
[EventDate "2018.04.20"]
[EventType "swiss"]
[EventRounds "11"]
[EventCountry "DOM"]
[SourceTitle "CBM 184 Extra"]
[Source "ChessBase"]
[SourceDate "2018.06.28"]
[SourceVersion "1"]
[SourceVersionDate "2018.06.28"]
[SourceQuality "1"]

1. e4 e5 2. Nf3 Nc6 3. Bb5 a6 4. Ba4 Nf6 5. d3 b5 6. Bb3 Be7 7. c3 d6 8. h3 Na5 9. Bc2 c5 10. Nbd2 Qc7 11. 0-0 0-0 12. Re1 c4 13. d4 Re8 14. Nf1 Bf8 15. Bg5 Nc6 16. Ng3 Be7 17. Qe2 g6 18. a4 Bb7 19. Qd2 Nb8 20. Nh2 Nbd7 21. f4 Bf8 22. fxe5 dxe5 23. d5 Qd6 24. Rf1 Kh8 25. Rf2 Qb6 26. Kh1 Bc5 27. Rf3 bxa4 28. Bxa4 Be7 29. Bxf6+ Nxf6 30. Bxe8 Rxe8 31. Raf1 Qd6 32. Qe2 a5 33. Ra1 Qc5 34. Qf2 Qxf2 35. Rxf2 Bd8 36. Raf1 Kg7 37. Ng4 Nxg4 38. Rxf7+ Kh6 39. Rxb7 Bh4 40. hxg4 Bxg3 41. Rf3 Bf4 42. g3 Bc1 43. Kg2 Kg5 44. Kh3 h6 45. d6 Re6 46. d7 Rd6 47. Rf8 1-0

[Event "DOM-ch"]
[Site "Santo Domingo"]
[Date "2018.04.20"]
[Round "1"]
[White "Metz Souffront, Francisco Hipolito"]
[Black "Tolentino Mercedes, Argenis Johann"]
[Result "0-1"]
[WhiteElo "2090"]
[BlackElo "1812"]
[PlyCount "86"]
[EventDate "2018.04.20"]
[EventType "swiss"]
[EventRounds "11"]
[EventCountry "DOM"]
[SourceTitle "CBM 184 Extra"]
[Source "ChessBase"]
[SourceDate "2018.06.28"]
[SourceVersion "1"]
[SourceVersionDate "2018.06.28"]
[SourceQuality "1"]

1. e4 e5 2. Nf3 Nc6 3. Bb5 a6 4. Ba4 Nf6 5. d3 d6 6. c3 b5 7. Bb3 Na5 8. Bc2 c5 9. Nbd2 Be7 10. Nf1 0-0 11. Ng3 Nc6 12. 0-0 b4 13. Re1 a5 14. Nf5 Re8 15. Ba4 Bd7 16. Bxc6 Bxc6 17. c4 Nd7 18. Be3 Nf8 19. Nd2 Ne6 20. Qg4 Kh8 21. g3 Bf6 22. Qf3 Rf8 23. h4 Nd4 24. Qd1 Qd7 25. Nxd4 cxd4 26. Bg5 Bxg5 27. hxg5 f5 28. Qh5 Qe6 29. f3 Rf7 30. Kg2 Raf8 31. Rh1 g6 32. Qh6 fxe4 33. dxe4 Kg8 34. b3 a4 35. Raf1 axb3 36. axb3 Ra7 37. Rf2 Rff7 38. Nf1 Ra3 39. Nh2 Rxb3 40. Ng4 Qxg4 41. fxg4 Bxe4+ 42. Kf1 Rb1+ 43. Ke2 Rxh1 0-1

[Event "DOM-chT"]
[Site "Santiago de los Caballeros"]
[Date "2017.08.19"]
[Round "4.2"]
[White "Ferreras Reyes, Oscar Halbey"]
[Black "Tolentino Mercedes, Argenis Johann"]
[Result "1/2-1/2"]
[WhiteElo "1977"]
[BlackElo "1798"]
[PlyCount "67"]
[EventDate "2017.08.17"]
[EventType "team-swiss"]
[EventRounds "6"]
[EventCountry "DOM"]
[SourceTitle "EXT 2019"]
[Source "ChessBase"]
[SourceDate "2018.10.10"]
[SourceVersion "1"]
[SourceVersionDate "2018.10.10"]
[SourceQuality "1"]
[WhiteTeam "Bahoruco"]
[BlackTeam "San Pedro de Macoris"]
[WhiteTeamCountry "DOM"]
[BlackTeamCountry "DOM"]

1. d4 c5 2. d5 Nf6 3. c4 b5 4. cxb5 a6 5. Nc3 g6 6. e4 d6 7. Nf3 Bg7 8. Bd3 0-0 9. 0-0 axb5 10. Bxb5 Ba6 11. Bxa6 Nxa6 12. h3 Qa5 13. a3 Rfb8 14. Rb1 Nd7 15. Bd2 Nc7 16. Qc2 Nb6 17. b4 Qxa3 18. bxc5 Qxc5 19. Be3 Qxc3 20. Qxc3 Bxc3 21. Bxb6 Na6 22. Rfc1 Rc8 23. Rc2 Rab8 24. Nd4 Bxd4 25. Rxc8+ Rxc8 26. Bxd4 Rc4 27. Be3 Rxe4 28. Rb6 Ra4 29. Rb7 Kf8 30. Ra7 f6 31. Bb6 Ke8 32. Ra8+ Kf7 33. Ra7 Ke8 34. Ra8+ 1/2-1/2

[Event "Santo Domingo U2000 op"]
[Site "Santo Domingo"]
[Date "2017.06.04"]
[Round "4"]
[White "Rodriguez Garcia, Eduardo Manuel"]
[Black "Tolentino Mercedes, Argenis Johann"]
[Result "1/2-1/2"]
[WhiteElo "1977"]
[BlackElo "1759"]
[PlyCount "129"]
[EventDate "2017.06.02"]
[EventType "swiss"]
[EventRounds "8"]
[EventCountry "DOM"]
[SourceTitle "CBM 178 Extra"]
[Source "ChessBase"]
[SourceDate "2017.06.22"]
[SourceVersion "1"]
[SourceVersionDate "2017.06.22"]
[SourceQuality "1"]

1. e4 e5 2. Bc4 Nf6 3. d3 Bc5 4. Nc3 c6 5. Nf3 d6 6. h3 h6 7. 0-0 Be6 8. Bxe6 fxe6 9. d4 exd4 10. Nxd4 Bxd4 11. Qxd4 d5 12. e5 Nfd7 13. Qg4 Qe7 14. Bf4 Na6 15. a3 Qf7 16. b4 0-0 17. Bxh6 Nxe5 18. Qg3 Ng6 19. Bg5 e5 20. Rae1 Rae8 21. h4 Nf4 22. Ne2 Nc7 23. Qg4 Nce6 24. Nxf4 exf4 25. c3 Qf5 26. Qxf5 Rxf5 27. Re2 Rff8 28. Rfe1 Kf7 29. Re5 Nxg5 30. hxg5 Rxe5 31. Rxe5 Re8 32. Rf5+ Kg6 33. Rxf4 Re1+ 34. Kh2 Ra1 35. c4 dxc4 36. Rxc4 Rxa3 37. Rd4 Rb3 38. Rd6+ Kxg5 39. Rd7 Rxb4 40. Rxg7+ Kf6 41. Rd7 a5 42. g4 a4 43. f4 Rxf4 44. Rxb7 Rxg4 45. Rb6 Rc4 46. Kg3 Ke5 47. Kf3 Kd4 48. Ke2 Kc3 49. Kd1 c5 50. Rb5 Rd4+ 51. Kc1 c4 52. Ra5 Kb3 53. Rb5+ Ka2 54. Kc2 a3 55. Kc3 Rh4 56. Rb7 Rh1 57. Kxc4 Rc1+ 58. Kd3 Rb1 59. Rg7 Rb8 60. Kc3 Ka1 61. Rg1+ Rb1 62. Rg2 Rb2 63. Rg1+ Ka2 64. Rh1 Rb1 65. Rh7 1/2-1/2

[Event "Santo Domingo U2000 op"]
[Site "Santo Domingo"]
[Date "2017.06.03"]
[Round "2"]
[White "Tiburcio Villar, Franklin Jonel"]
[Black "Tolentino Mercedes, Argenis Johann"]
[Result "1-0"]
[WhiteElo "1916"]
[BlackElo "1759"]
[PlyCount "71"]
[EventDate "2017.06.02"]
[EventType "swiss"]
[EventRounds "8"]
[EventCountry "DOM"]
[SourceTitle "CBM 178 Extra"]
[Source "ChessBase"]
[SourceDate "2017.06.22"]
[SourceVersion "1"]
[SourceVersionDate "2017.06.22"]
[SourceQuality "1"]

1. e4 e5 2. Nf3 Nc6 3. Bb5 f5 4. Bxc6 dxc6 5. Nxe5 Nf6 6. 0-0 fxe4 7. Re1 Bc5 8. c3 0-0 9. Qb3+ Qd5 10. d4 Qxb3 11. axb3 Bd6 12. Nd2 Bf5 13. Ndc4 a6 14. h3 h6 15. Bf4 Bxe5 16. Bxe5 Rf7 17. Bxf6 Rxf6 18. Re3 Raf8 19. Ne5 Be6 20. Rf1 Bf5 21. g4 Be6 22. Rxe4 Rf4 23. Rxf4 Rxf4 24. b4 h5 25. f3 Bd5 26. Kg2 hxg4 27. hxg4 g5 28. Rh1 Kg7 29. Rh5 Kf6 30. Rh6+ Kg7 31. Rg6+ Kh7 32. Rxg5 b6 33. Kg3 Rf6 34. f4 c5 35. Nd7 Rd6 36. Rxd5 1-0

[Event "DOM-ch"]
[Site "Santo Domingo"]
[Date "2017.04.23"]
[Round "4"]
[White "Moore Guzman, Fernando Augusto"]
[Black "Tolentino Mercedes, Argenis Johann"]
[Result "1-0"]
[WhiteElo "2033"]
[BlackElo "1832"]
[PlyCount "85"]
[EventDate "2017.04.21"]
[EventType "swiss"]
[EventRounds "11"]
[EventCountry "DOM"]
[SourceTitle "CBM 178 Extra"]
[Source "ChessBase"]
[SourceDate "2017.06.22"]
[SourceVersion "1"]
[SourceVersionDate "2017.06.22"]
[SourceQuality "1"]

1. c4 c5 2. Nf3 Nc6 3. d4 cxd4 4. Nxd4 e5 5. Nb5 d6 6. N1c3 a6 7. Na3 f5 8. e4 Nf6 9. Bg5 Be7 10. Bxf6 Bxf6 11. Bd3 0-0 12. Nc2 Kh8 13. Nd5 Be6 14. exf5 Bxd5 15. cxd5 Qa5+ 16. Qd2 Qxd5 17. Ne3 Qd4 18. Bc4 Qxd2+ 19. Kxd2 Bg5 20. g4 Ne7 21. h4 Bf4 22. Be6 d5 23. Ke2 d4 24. Ng2 g5 25. Nxf4 gxf4 26. Kd3 Rad8 27. Rac1 Nc6 28. a3 Rd6 29. Ke4 Rfd8 30. Rc5 Kg7 31. g5 Kf8 32. h5 d3 33. Rd5 d2 34. g6 hxg6 35. hxg6 Kg7 36. Rd1 Kf6 37. R1xd2 Rxd5 38. Rxd5 Rxd5 39. Bxd5 Ne7 40. g7 Kxg7 41. Kxe5 Nxd5 42. Kxd5 Kf6 43. Ke4 1-0